Design with glass
| Main Author: | |
|---|---|
| Format: | Section = Libro |
| Language: | Undetermined Spanish |
| Published: |
Washington D. C.
Reinhold Publishing Corporation
1964
|
| Subjects: |
| LEADER | 00482nam a2200181Ia 4500 | ||
|---|---|---|---|
| 008 | 240829s9999 xx 000 0 und d | ||
| 040 | |a BIBLIOTECA-RUSB/ 729.8 P478 | ||
| 041 | |a spa | ||
| 082 | |a 729.8 P478 | ||
| 100 | 1 | |a Peter, John | |
| 245 | 1 | 0 | |a Design with glass |
| 260 | |a Washington D. C. |b Reinhold Publishing Corporation |c 1964 | ||
| 300 | |a 159 p. :il. | ||
| 650 | 7 | |a VIDRIO ORNAMENTAL | |
| 650 | 7 | |b ARQUITECTURA-DISEÑOS Y PLANOS | |
| 942 | |c BK |2 ddc | ||
| 991 | |a TEXTO | ||
| 999 | |c 5398 | ||